| 000 | 00653nam a2200229 i 4500 | ||
|---|---|---|---|
| 001 | 8950 | ||
| 003 | ES-MaACL | ||
| 005 | 20231222205012.0 | ||
| 007 | t| | ||
| 008 | 921116s1992 sp ||||1| spa d | ||
| 020 | _a84-7844-056-9 | ||
| 080 | _a087.5:82 | ||
| 100 | 1 |
_aMartín Gaite, Carmen, _d1925-2000 _977496 |
|
| 245 | 1 | 0 |
_aCaperucita en Manhattan / _cCarmen Martín Gaite. |
| 250 | _a[10ª ed.]. | ||
| 260 |
_aMadrid : _bSiruela, _c1992. |
||
| 300 |
_a205 p. : _bil. ; _c22 cm. |
||
| 490 | 1 |
_aLas tres edades ; _v3 |
|
| 830 | 0 |
_aLas tres edades ; _v3 _9178625 |
|
| 852 |
_aES-MaACL _jL-16239 _bR.121064 |
||
| 999 |
_c8950 _d8950 |
||